000 00991nam a22002657a 4500
999 _c398
_d398
003 AR-BaISA
005 20220512170700.0
007 ta
008 180223s2015 ag ||||| |||| 00| 0 spa d
020 _a9789501207019
040 _cAR-BaISA
082 0 4 _222
_a615.88 B455
100 1 0 _9988
_aBertherat, Thérèse
_eaut.
245 1 3 _aEl cuerpo tienes sus razones:
_bautocura y autogimnasia /
_cThérèse Bertherat y Carol Bernstein
260 _aBuenos Aires:
_bPaidós,
_c2015
300 _a[172 p.]
490 1 _aVida y salud;
_v4
501 _aBibliografía p: 171-[172]
505 _tLa casa del callejón --
_tEl cuerpo fortaleza --
_tLa sala de música --
_tLa casa encantada --
_tFrançoise Mézières: una revolución --
_tFundamentos milenarios --
_tLlaves, cerraduras, puertas blindadas --
_tLa casa acogedora
650 1 4 _9990
_aTerapias alternativas
650 1 4 _9991
_aAutocuidado
700 1 _9992
_aBernstein, Carol
830 0 _9989
_aVida y salud
_v4
942 _2ddc
_cLI